COMPTER SYSTEM ARCHITECTURE (Record no. 34795)

MARC details
000 -LEADER
fixed length control field 00282nam a22001337a 4500
003 - CONTROL NUMBER IDENTIFIER
control field SGT
082 ## - DEWEY DECIMAL CLASSIFICATION NUMBER
Classification number 004.22.MAN
100 ## - MAIN ENTRY--PERSONAL NAME
Personal name MANO, MORRIS
245 ## - TITLE STATEMENT
Title COMPTER SYSTEM ARCHITECTURE
250 ## - EDITION STATEMENT
Edition statement 3RD
260 ## - PUBLICATION, DISTRIBUTION, ETC. (IMPRINT)
Name of publisher, distributor, etc PRENTICE HALL OF INDIA
Year of Publication 2001
300 ## - PAGE DESCRIPTION
No. of Pages 524
942 ## - ADDED ENTRY ELEMENTS (KOHA)
Source of classification or shelving scheme Dewey Decimal Classification
Koha item type Rare Books
Holdings
Withdrawn status Lost status Source of classification or shelving scheme Damaged status Not for loan Collection code Home library Current library Shelving location Date acquired Vendor Name Cost, normal purchase price SGTU Total Checkouts Full call number Accession No. (Barcode) Date last seen Bill Date Koha item type
    Dewey Decimal Classification   Not For Loan ENGINEERING SGT Engineering Library SGT Engineering Library Text Book 07/05/2026 GIFTED 195.00 SGTU   004.22.MAN FE9576 07/05/2026 07/05/2026 Rare Books